Los vecinos mueren en las novelas /

Guardado en:
Autor Principal: Aguirre, Sergio
Formato: Libro
Publicado: Buenos Aires : Norma, s/f.
Series:Zona Libre
Materias:
Etiquetas: Agregar Etiqueta
Sin Etiquetas, Sea el primero en etiquetar este registro!
LEADER 00953nam a22003015a 4500
001 CEM.cems018302
005 20140425091521.0
008 130507b######################000#0#####d
003 CEMS
082 0 4 |a FA863.4 
100 1 |a Aguirre, Sergio 
245 1 0 |a Los vecinos mueren en las novelas /  |c Sergio Aguirre 
260 |a Buenos Aires :  |b Norma, s/f. 
300 |a 136 p. 
490 0 |a Zona Libre 
500 |a Fotocopia 
653 |a Literatura 
653 |a Literatura argentina 
653 |a Novelas 
653 |a Novela argentina 
653 |a Literatura juvenil 
653 |a Novela juvenil 
653 |a Narrativa 
653 |a Narrativa argentina 
859 |a CEMS  |b BIB. CEMS - Agricultura  |h FA863.4  |i Ag94  |p A0081.44  |t Ej.1 
859 |a CEMS  |b BIB. CEMS - Agricultura  |h FA863.4  |i Ag94  |p A0082.44  |t Ej.2 
859 |a CEMS  |b BIB. CEMS - Agricultura  |h FA863.4  |i Ag94  |p A0083.44  |t Ej.3 
859 |a CEMS  |b BIB. CEMS - Agricultura  |h FA863.4  |i Ag94  |p A0120.44  |t Ej.4